000
00161 a2200085 4500
041
_a
eng
100
_a
Maurice sendak
245
_a
La cocina de Noche
942
_c
K
999
_c
30635
_d
30633